Úloha stategických scenárov v manažmente hodnoty podniku

Rast hodnoty podniku a zmena prístupu strategického myslenia. Strategické riadenie a analytická fáza tvorby stratégie. Tvorba alternatívnych scenárov a formulácia stratégie zabazpečujúca rast hodnoty podniku.

Salvato in:
Dettagli Bibliografici
Autore principale: Okruhlica, František
Natura: Capitolo di libro
Lingua:slovacco
Soggetti:
Tags: Aggiungi Tag
Nessun Tag, puoi essere il primo ad aggiungerne!!

MARC

LEADER 00000naa$a2200000$$$4500
001 0127985
005 20230113112135.8
041 0 |a slo 
044 |a SK 
245 1 0 |a Úloha stategických scenárov v manažmente hodnoty podniku  |c František Okruhlica 
520 |a Rast hodnoty podniku a zmena prístupu strategického myslenia. Strategické riadenie a analytická fáza tvorby stratégie. Tvorba alternatívnych scenárov a formulácia stratégie zabazpečujúca rast hodnoty podniku. 
610 2 0 |a manažment strategický 
610 2 0 |a nástroje riadenia 
610 2 0 |a riadenie podnikové 
610 2 0 |a riadenie zmien 
610 2 0 |a procesy podnikové 
610 2 0 |a riadenie strategické 
610 2 0 |a riadenie systémové 
610 2 0 |a hodnota podniku 
100 1 |a Okruhlica, František